000 00321nam a2200145Ia 4500
100 _aSchildt/ Herbert
250 _a2
942 _cBK
654 _aC:the complete reference
245 _aC:the complete reference
260 _bTata Mc Graw hill
_aNew York
_c1998
300 _a671
546 _aENGLISH
999 _c22872
_d22872